000 00436nam a2200145Ia 4500
003 OSt
005 20260122144320.0
008 211028s2015 xx 000 0 und d
040 _cAIMIT LIBRARY
041 _aeng
100 _aPrabhakaran, Prajina; Dias, Beena.
_g1316106
_97377
245 _aStudy on the customer satisfaction for maruti susuki at indus motors pvt ltd /
260 _aMangalore
_bBeena Dias.
_c2015
942 _2ddc
_cPRO
999 _c218947
_d218947